000 00493nam a22001457a 4500
008 140610b xxu||||| |||| 00| 0 eng d
020 _a9780007156375
050 _aDA392.H64 2005
100 _aHogge, Alice
_910767
245 _aGod's secret agents
_bQueen Elizabeth's forbidden Priests and the hatching of the Gunpowder Plot
_cAlice Hogge
260 _aLondon
_bHarper Collins Publishers
_c2005
300 _avii, 445p. ;
_c24cm.
650 _aGunpowder Plot
_910768
942 _2lcc
_cMONOGRAPH
999 _c120679
_d120679